000 00283nam a2200121Ia 4500
008 190216s9999||||xx |||||||||||||| ||und||
100 _aNarayanan K V
245 0 _aCharitra Bodhanam
260 _bKerala Basha Inst
_c1985
300 _a192p
650 _aHistory
942 _cBK
999 _c40485
_d40485